000 00751nam a22002417a 4500
999 _c65530
_d65530
005 20240530110829.0
008 190903s2007 ua a g b 000 0 ara d
017 _a2005/18872
_bمصر. دار الكتب
020 _a977573259X
040 _aEG-CaGPL
_cEG-CaGPL
082 0 4 _221
_a239.9\
_bخ و
100 0 _aخالد محمد خالد
245 1 0 _aوداعا عثمان /
_cخالد محمد خالد
250 _aط.1
260 _aالقاهرة :
_c2005
300 _a147 ص. ؛
_c24 سم.
600 0 _aعثمان بن عفان
650 0 7 _2qrmak
_aالسيرة النبوية
650 0 7 _aالصحابة والتابعون
_2qrmak
651 _2qrmak
942 _2ddc
_cBK